MARC
| LEADER | 00000 a a2200000 04500 | ||
|---|---|---|---|
| 001 | 22381 | ||
| 003 | |||
| 040 | |||
| 090 | |a 15255.00 | ||
| 100 | |a Fernández Madrigal, Max Enrique | ||
| 245 | |a Consejo Nacional de Producción: |b evaluación de sus políticas en granos básicos / |c Max Enrique Fernández Madrigal | ||
| 260 | |a San José: |b IICA | ||
| 300 | |a 160 p |b gráficas | ||
| 502 | |a Tesis (Ingeniero Agrónomo) -- Universidad de Costa Rica, 1977 | ||
| 999 | |c 18083 |d 18083 | ||
